header

The MRCOG (Record no. 119394)

MARC details
000 -LEADER
fixed length control field 01363nam a2200337 a 4500
245 04 - TITLE STATEMENT
Title The MRCOG
250 ## - EDITION STATEMENT
Edition statement 3rd ed.
260 ## - PUBLICATION, DISTRIBUTION, ETC. (IMPRINT)
Place of publication London :
Name of publisher RCOG Press,
Year of publication 2008.
300 ## - PHYSICAL DESCRIPTION
Number of Pages x, 126 p. :
Other physical details ill. (some col.)
650 #0 - SUBJECT ADDED ENTRY--TOPICAL TERM
Topical Term Obstetrics
Topical Term Gynecology
Topical Term Obstetrics
Topical Term Gynecology
700 1# - ADDED ENTRY--PERSONAL NAME
Personal name Ledger, William L.
Personal name Murphy, Michael G.
856 40 - ELECTRONIC LOCATION AND ACCESS
Uniform Resource Identifier http://site.ebrary.com/lib/rucke/Doc?id=10511568

No items available.

© 2026 Rongo University
Contact us: librarian | system librarian | Rongo university